|
|
|
|
| LEADER |
00000nam a2200000 i 4500 |
| 001 |
DIGVIETO146 |
| 003 |
NyNyDIG |
| 008 |
200715s2017 sp o 001 0 spa d |
| 006 |
m o d |
| 007 |
cr ||||||||||| |
| 035 |
|
|
|a (OCoLC)1196210900
|
| 040 |
|
|
|a DGITA
|b eng
|e rda
|e pn
|c DGITA
|
| 020 |
|
|
|z 9788416995264
|
| 020 |
|
|
|z 8416995265
|
| 043 |
|
|
|a e-sp---
|
| 050 |
1 |
4 |
|a DP302.C68 ebook
|
| 082 |
0 |
4 |
|a 946.7
|
| 100 |
1 |
|
|a Candel Sanmartín, Miguel,
|e author.
|
| 245 |
1 |
0 |
|a Derechos torcidos :
|b conversaciones sobre el "derecho a decidir", la soberanía, la libre determinación y la España federal /
|c Miguel Candel, Salvador López Arnal.
|
| 264 |
|
1 |
|a Vilassar de Dalt, Barcelona :
|b El Viejo Topo,
|c [2017]
|
| 300 |
|
|
|a 1 online resource.
|
| 336 |
|
|
|a text
|b txt
|2 rdacontent
|
| 337 |
|
|
|a computer
|b c
|2 rdamedia
|
| 338 |
|
|
|a online resource
|b cr
|2 rdacarrier
|
| 347 |
|
|
|a text file
|2 rdaft
|
| 347 |
|
|
|b PDF
|
| 500 |
|
|
|a Includes index.
|
| 588 |
0 |
|
|a Online resource; title from PDF title page (Digitalia, viewed July 25, 2020)
|
| 650 |
|
0 |
|a Nationalism
|z Spain
|z Catalonia
|x History
|y 21st century.
|
| 651 |
|
0 |
|a Catalonia (Spain)
|x Politics and government
|y 21st century.
|
| 651 |
|
0 |
|a Catalonia (Spain)
|x History
|x Autonomy and independence move.
|
| 650 |
|
0 |
|a Spanish autonomous communities
|x Politics and government.
|
| 655 |
|
0 |
|a Electronic books.
|
| 700 |
1 |
|
|a López, Salvador
|q (López Arnal),
|e author.
|
| 791 |
2 |
|
|a Digitalia (Firm),
|e distributor.
|
| 793 |
0 |
|
|g Digitalia eBook Collection:
|a El Viejo Topo
|
| 776 |
0 |
8 |
|i Print version:
|a Candel, Miguel.
|t Derechos torcidos.
|d Vilassar de Dalt, Barcelona : El Viejo Topo, [2017]
|z 9788416995264
|w (OCoLC)1002691759
|
| 856 |
4 |
0 |
|3 Digitalia Hispánica
|u https://www.digitaliapublishing.com/a/57620/
|
| 910 |
|
|
|a Premium collection: 2020
|